La contrebande en Côte d'Ivoire: le cas du district d'Abidjan

Gespeichert in:  
Bibliographische Detailangaben
1. VerfasserIn: Bamba, Ladji (Verfasst von)
Medienart: Druck Buch
Sprache:Französisch
Veröffentlicht: Paris L'Harmattan [2016]
In:Jahr: 2016
Online-Zugang: Inhaltsverzeichnis
Verfügbarkeit prüfen: HBZ Gateway
Subito Bestelldienst: Jetzt bestellen.
Schlagwörter:

MARC

LEADER 00000cam a2200000 c 4500
001 1622746368
003 DE-627
005 20251225202544.0
007 tu
008 170112s2016 fr ||||| 00| ||fre c
020 |a 9782343073217  |c Broschur : 29,00 EUR  |9 978-2-343-07321-7 
035 |a (DE-627)1622746368 
035 |a (DE-576)481699295 
035 |a (DE-599)BSZ481699295 
035 |a (FrPAAL)07256260001 
035 |a (ZDB-21-EIL)3157190 
040 |a DE-627  |b ger  |c DE-627  |e rda 
041 |a fre 
044 |c XA-FR 
050 0 |a HJ7116.5.Z5 
082 0 |a 364  |2 14 
084 |a QL 415  |q BVB  |2 rvk  |0 (DE-625)rvk/141716: 
100 1 |a Bamba, Ladji  |e VerfasserIn  |4 aut 
245 1 0 |a La contrebande en Côte d'Ivoire  |b le cas du district d'Abidjan  |c Ladji Bamba 
264 1 |a Paris  |b L'Harmattan  |c [2016] 
264 4 |c © 2016 
300 |a 279 Seiten 
336 |a Text  |b txt  |2 rdacontent 
337 |a ohne Hilfsmittel zu benutzen  |b n  |2 rdamedia 
338 |a Band  |b nc  |2 rdacarrier 
490 0 |a Collection "études africaines" 
500 |a Thesis 
650 0 |a Smuggling  |z Côte d'Ivoire  |z Abidjan 
650 0 |a Smuggling  |z Côte d'Ivoire  |z Abidjan  |x Prevention 
689 0 0 |d g  |0 (DE-588)4014426-4  |0 (DE-627)106340301  |0 (DE-576)208907653  |a Elfenbeinküste  |2 gnd 
689 0 1 |d s  |0 (DE-588)4179825-9  |0 (DE-627)105330620  |0 (DE-576)209993936  |a Schmuggel  |2 gnd 
689 0 |5 DE-101 
689 1 0 |d g  |0 (DE-588)4000153-2  |0 (DE-627)106402013  |0 (DE-576)208837124  |a Abidjan  |2 gnd 
689 1 1 |d s  |0 (DE-588)4179825-9  |0 (DE-627)105330620  |0 (DE-576)209993936  |a Schmuggel  |2 gnd 
689 1 |5 DE-101 
856 4 2 |u https://swbplus.bsz-bw.de/bsz481699295inh.htm  |m B:DE-576;DE-Frei85  |q application/pdf  |v 20170413153016  |x Verlag  |3 Inhaltsverzeichnis  |7 1 
935 |a mkri 
936 r v |a QL 415  |b Schattenwirtschaft (einschl. Steuerhinterziehung)  |k Wirtschaftswissenschaften  |k Finanzwissenschaft. Betriebswirtschaftliche Steuerlehre  |k Allgemeine Steuerlehre, Steuersystem einzelner Länder  |k Schattenwirtschaft (einschl. Steuerhinterziehung)  |0 (DE-627)1271496429  |0 (DE-625)rvk/141716:  |0 (DE-576)201496429 
951 |a BO 
ELC |b 1 
LOK |0 000 xxxxxcx a22 zn 4500 
LOK |0 001 3247231617 
LOK |0 003 DE-627 
LOK |0 004 1622746368 
LOK |0 005 20170405144411 
LOK |0 008 170112||||||||||||||||ger||||||| 
LOK |0 040   |a DE-Frei85  |c DE-627  |d DE-Frei85 
LOK |0 852   |a DE-Frei85 
LOK |0 852 1  |m p  |9 00 
LOK |0 938   |k p 
LOK |0 939   |a 12-01-17  |b l01 
ORI |a SA-MARC-krimdoka001.raw 
TIM |a 100019600101_100019601231  |b 1960 - 1960